000 00877nam a22002417a 4500
005 20150903172712.0
008 150903b xxu||||| |||| 00| 0 eng d
010 _aB-598016
020 _a9781259064128
_c550.00
035 _aB-598016
037 _bUBH
040 _adpl
_beng
082 _a320.954
100 _aLaxmikanth, M.
245 _aIndian Polity:
_cby M. Laxmikant
_bfor civil services examinations/
250 _a4th rev.&updated ed.
260 _aNew Delhi
_bMcGraw Hill Education(India)
_c2015
270 _aP-24, Green Park Extension,
_bNew Delhi
_e110016
300 _axxxv, vp
_c24cm (pbk)
490 _aMcGraw Hill Education WE series
942 _2ddc
_cEN
_h320.954
_mLAX
999 _c96635
_d96635